| Поле | Инд. | ПП | Название | Значение |
|---|---|---|---|---|
| Тип записи | a | |||
| Библиографический уровень | b | |||
| 001 | Контрольный номер | RU/IS/BASE/483558380 | ||
| 005 | Дата корректировки | 20250403101522.3 | ||
| 008 | Кодируемые данные | 20150428 | ||
| 040 | b | Код языка каталог. | rus | |
| e | Правила каталог. | PSBO | ||
| 041 | 0_ | a | Код языка текста | rus |
| 084 | a | Индекс другой классификации/Индекс ББК | 65.291.6-21 | |
| 100 | 1_ | a | Автор | Радько С. |
| 100 | 1_ | a | Автор | Лысова Т. |
| 245 | 10 | a | Заглавие | Управление трудовыми рисками на промышленных предприятиях |
| 504 | a | Библиография | Лит. в конце статьи | |
| 520 | a | Аннотация | Рассматриваются подходы к развитию трудовыми рисками. Показаны особенности выделения трудовых рисков. Обоснована необходимость совершенствования методов выделения и оценки рисков на промышленных предприятиях. | |
| 650 | 14 | a | Основная рубрика | персонал предприятия |
| a | Основная рубрика | управление персоналом (кадровый менеджмент) | ||
| a | Основная рубрика | экономика | ||
| a | Основная рубрика | экономика предприятия | ||
| 653 | 1_ | a | Ключевые слова | конкурентоспособность региона |
| a | Ключевые слова | менеджмент (управление предприятием) | ||
| a | Ключевые слова | оценка рисков | ||
| a | Ключевые слова | правовая сфера | ||
| a | Ключевые слова | производство | ||
| a | Ключевые слова | промышленное предприятие | ||
| a | Ключевые слова | психологический климат | ||
| a | Ключевые слова | социальная сфера | ||
| a | Ключевые слова | трудовые ресурсы | ||
| a | Ключевые слова | трудовые риски | ||
| a | Ключевые слова | управление рисками (риск-менеджмент) | ||
| a | Ключевые слова | финансы предприятия | ||
| 773 | 08 | t | Заглавие источника | РИСК: ресурсы, информация, снабжение, конкуренция |
| d | Дата издания источника | 2013 | ||
| g | Прочая информация | № 3. - С. 209 - 213 : табл. | ||
| w | Контрольный № источника | RU/IS/BASE/439917319 | ||
| 901 | t | Тип документа | b |